Normal view
MARC view
- Mcclellan, James H, Schafer, Ronald W
Entry Personal Name
001 - CONTROL NUMBER
- control field: 69234
003 - CONTROL NUMBER IDENTIFIER
- control field: NUST
005 - DATE AND TIME OF LATEST TRANSACTION
- control field: 20210628204211.0
008 - FIXED-LENGTH DATA ELEMENTS
- fixed length control field: 210628|| aca||aabn | a|a d
040 ## - CATALOGING SOURCE
- Original cataloging agency: NUST
- Transcribing agency: NUST
100 ## - HEADING--PERSONAL NAME
- Personal name: Mcclellan, James H, Schafer, Ronald W
670 ## - SOURCE DATA FOUND
- Source citation: Work cat.: (NUST): Mcclellan, James H, Schafer, Ronald W, Dsp first, 2017
